One-Word Shakespeare Plays Quiz Stats

 Plays Quiz Updated Jul 20, 2014

Support Sporcle.
Go Orange.
Score 0/6 Timer 02:00
1 Play Today
Year Play % Correct
1600-1601Hamlet
91.9%
1604-1605Othello
85.7%
1605-1606Macbeth
82.6%
1607-1608Coriolanus
32.7%
1609-1610Cymbeline
27.8%
1608-1609Pericles
17.6%

You're not logged in!

Compare scores with friends on all Sporcle quizzes.
OR
Log In

From the Vault

Greek Mythology by Emoji

by hazelnuts

We're fairly certain the ancient Greeks weren't texting each other, but we can pretend.
Remove Ads.
Support Sporcle.
Get the best of Sporcle when you Go Orange. This ad-free experience offers more features, more stats, and more fun while also helping to support Sporcle. Thank you for becoming a member.

Show Comments

Extras

Top Quizzes Today


Score Distribution

Your Account Isn't Verified!

In order to create a playlist on Sporcle, you need to verify the email address you used during registration. Go to your Sporcle Settings to finish the process.

Report this User

Report this user for behavior that violates our Community Guidelines.

Details: